| 000 -LEADER |
| fixed length control field |
00653cam a2200181 a 4500 |
| 020 ## - INTERNATIONAL STANDARD BOOK NUMBER |
| ISBN |
0471303011 (cloth : acidfree paper) |
| 040 ## - CATALOGING SOURCE |
| Transcribing agency |
DLC |
| 082 00 - DEWEY DECIMAL CLASSIFICATION NUMBER |
| Classification number |
575 WIL 1995 A025 Or. |
| 100 1# - MAIN ENTRY--AUTHOR NAME |
| Personal name |
Eldredge, Niles. |
| 245 10 - TITLE STATEMENT |
| Title |
Reinventing Darwin : |
| Remainder of title |
the great debate at the high table of evolutionary theory / |
| 260 ## - PUBLICATION, DISTRIBUTION, ETC. (IMPRINT) |
| Place of publication |
New York : |
| Name of publisher |
Wiley, |
| Year of publication |
c1995. |
| 300 ## - PHYSICAL DESCRIPTION |
| Number of Pages |
xi, 244 p. : |
| Other physical details |
ill. ; |
| Dimensions |
25 cm. |
| 650 00 - SUBJECT ADDED ENTRY--TOPICAL TERM |
| Topical Term |
Evolution (Biology) |
| 856 42 - ELECTRONIC LOCATION AND ACCESS |
| Uniform Resource Identifier |
http://www.loc.gov/catdir/bios/wiley041/94032861.html |
| 856 42 - ELECTRONIC LOCATION AND ACCESS |
| Uniform Resource Identifier |
http://www.loc.gov/catdir/description/wiley031/94032861.html |
| 856 4# - ELECTRONIC LOCATION AND ACCESS |
| Uniform Resource Identifier |
http://www.loc.gov/catdir/toc/onix01/94032861.html |
| 942 ## - ADDED ENTRY ELEMENTS (KOHA) |
| Koha item type |
សៀវភៅភាសាអង់គ្លេស |
| 952 ## - LOCATION AND ITEM INFORMATION (KOHA) |
| Withdrawn status [LOCAL, KOHA] |
0 |